[Event "Escacs 238"]
[Site "http://www.queenalice.com/game.php?id=1871084"]
[Date "2026.3.28"]
[Round "-"]
[White "Capixaba789"]
[Black "alterego"]
[Result "1-0"]
[WhiteElo "1840"]
[BlackElo "1677"]

1. d4 g6 2. d5 d6 3. c4 Bg7 4. e4 Nf6 5. Bd3 a6 6. f4 Bg4 7. Nf3 b5 8. cxb5 axb5
9. Bxb5+ Nbd7 10. Bd3 O-O 11. O-O c5 12. Nc3 Qb6 13. Kh1 e6 14. Bc4 Qb4 15. Bb3
exd5 16. Nxd5 Nxd5 17. Bxd5 Rae8 18. Qd3 Nf6 19. a3 Qb8 20. Ba2 Kh8 21. e5 Bf5
22. Qxd6 Qxd6 23. exd6 Nd7 24. Ng5 Bd3 25. Rd1 Bf5 26. Nxf7+ Kg8 27. Ne5+ Kh8
28. Nxd7 Bxd7 29. Bd5 Rf6 30. Bd2 Rxd6 31. Bc3 Bg4 32. Bf3 Rxd1+ 33. Rxd1 Bxf3
34. Bxg7+ Kxg7 35. gxf3 Re2 36. Rc1 Rxb2 37. Rxc5 Rb3 38. a4 Rxf3 39. Rc4 h5 40.
Kg2 Re3 41. h3 Kh6 42. a5 Ra3 43. Rc5 h4 44. Rg5 Kg7 45. f5 Rxa5 46. f6+ Kxf6
47. Rxa5 g5 48. Kf3 Kg6 49. Kg4 Kf6 50. Rxg5 1-0

[Event "AUTO-OPEN-4610"]
[Site "http://www.queenalice.com/game.php?id=1871186"]
[Date "2026.3.29"]
[Round "2"]
[White "rockaudrey"]
[Black "Capixaba789"]
[Result "1-0"]
[WhiteElo "2283"]
[BlackElo "1834"]

1. e4 e5 2. Nf3 d6 3. d4 exd4 4. Nxd4 Nf6 5. Nc3 Be7 6. Be2 O-O 7. g4 Bd7 8. g5
Ne8 9. h4 c5 10. Nb3 Nc6 11. Be3 Nc7 12. Qd2 a6 13. O-O-O b5 14. f4 b4 15. Nd5
Nxd5 16. Qxd5 Rc8 17. h5 Be6 18. Qd2 a5 19. f5 Bxb3 20. cxb3 f6 21. Bc4+ Kh8 22.
g6 Ne5 23. Be6 Rc7 24. h6 1-0

[Event "Escacs 242"]
[Site "http://www.queenalice.com/game.php?id=1871291"]
[Date "2026.4.1"]
[Round "-"]
[White "Capixaba789"]
[Black "alterego"]
[Result "1-0"]
[WhiteElo "1849"]
[BlackElo "1650"]

1. d4 g6 2. e4 Bg7 3. c4 e6 4. Nc3 Ne7 5. f4 a6 6. Nf3 c6 7. Bd3 b5 8. c5 O-O 9.
O-O d5 10. e5 Nf5 11. Qe1 b4 12. Ne2 a5 13. Ng3 Nxg3 14. Qxg3 f6 15. exf6 Bxf6
16. Ne5 Bh4 17. Qg4 Nd7 18. Nxg6 hxg6 19. Qxg6+ Kh8 20. Qh7# 1-0

[Event " Escacs 243"]
[Site "http://www.queenalice.com/game.php?id=1871301"]
[Date "2026.4.1"]
[Round "-"]
[White "alterego"]
[Black "Capixaba789"]
[Result "1-0"]
[WhiteElo "1609"]
[BlackElo "1849"]

1. d4 e5 2. g3 e4 3. e3 d5 4. Ne2 f5 5. Bg2 Nf6 6. Nbc3 Be7 7. O-O O-O 8. Nf4 c6
9. a3 a5 10. Na4 Na6 11. c3 b5 12. Nc5 Nxc5 13. dxc5 Bxc5 14. b4 Bb6 15. Qb3 a4
16. Qa2 Kh8 17. Rd1 Qe7 18. Qe2 Ng4 19. f3 Ne5 20. Nh3 f4 21. Nxf4 Nxf3+ 22.
Bxf3 exf3 23. Qxf3 Bf5 24. Qh5 Bxe3+ 25. Bxe3 Qxe3+ 26. Kg2 Be4+ 27. Kh3 Rxf4
28. Re1 Qxc3 29. Rac1 Qf3 30. Qxf3 Rxf3 31. Rxc6 Rb8 32. Kh4 Rff8 33. Rec1 d4
34. Rc7 d3 35. Re7 Bg6 36. Rcc7 Rf2 37. h3 Ra2 38. Rxg7 Rxa3 39. Rgd7 Rb3 40.
Ra7 Rxb4+ 41. g4 Rb2 42. Ra6 Rf2 43. Kg5 Rf7 44. Rd4 b4 45. Rxa4 b3 46. Rab4
Rxb4 47. Rxb4 d2 48. Kh6 d1=Q 49. Rb8+ 1-0

[Event "Escacs 250"]
[Site "http://www.queenalice.com/game.php?id=1871565"]
[Date "2026.4.7"]
[Round "-"]
[White "alterego"]
[Black "Capixaba789"]
[Result "0-1"]
[WhiteElo "1606"]
[BlackElo "1813"]

1. d4 e5 2. g3 e4 3. Bg2 d5 4. e3 f5 5. Ne2 Nf6 6. Nd2 Bd6 7. O-O O-O 8. c4 Be6
9. c5 Be7 10. Nf4 Bf7 11. b4 c6 12. Bh3 g6 13. Nb3 Nbd7 14. Na5 b5 15. Nxc6 Qe8
16. Nxe7+ Qxe7 17. a4 bxa4 18. Rxa4 Be8 19. Qb3 g5 20. Nxd5 Nxd5 21. Qxd5+ Bf7
22. Qxf5 Nf6 23. Qxg5+ Bg6 24. b5 Qg7 25. Ra6 Rfd8 26. Bb2 Be8 27. Qxg7+ Kxg7
28. Bg2 Bxb5 29. Rxf6 Kxf6 30. Ra1 Kf5 31. Bh3+ Kg5 32. f4+ exf3 33. Kf2 Rf8 34.
Ra5 a6 35. Bc1 Kg6 36. e4 Kf6 37. Kxf3 h5 38. c6 Bxc6 39. Rxh5 Kg6+ 40. Kg2 Kxh5
41. Ba3 Bxe4+ 42. Kg1 Rf3 43. Bg2 Rxa3 44. Bxe4 Rd8 45. Bf3+ Rxf3 0-1

[Event "Escacs 251"]
[Site "http://www.queenalice.com/game.php?id=1871566"]
[Date "2026.4.7"]
[Round "-"]
[White "Capixaba789"]
[Black "alterego"]
[Result "1-0"]
[WhiteElo "1821"]
[BlackElo "1598"]

1. d4 g6 2. e4 Bg7 3. c4 e6 4. Nc3 Ne7 5. f4 a6 6. Nf3 b5 7. Be2 O-O 8. O-O Nbc6
9. c5 Nb4 10. a3 Nbc6 11. Be3 Bb7 12. Bd3 Na5 13. Ne5 Nb3 14. Qxb3 d6 15. cxd6
cxd6 16. Nxf7 Rxf7 17. Ne2 d5 18. e5 Nc6 19. Ng3 Na5 20. Qc2 Rc8 21. Qf2 Nb3 22.
Rab1 Qe7 23. Kh1 Bc6 24. Qe2 Qh4 25. a4 Na5 26. b4 Nb7 27. axb5 axb5 28. Bxb5
Qe7 29. Bxc6 Rxc6 30. Rfc1 Rb6 31. b5 Qa3 32. h3 Na5 33. Rc8+ Rf8 34. Rxf8+ Bxf8
35. Bf2 Nc4 36. Nf1 Bb4 37. Ne3 Nd2 38. Rd1 Ne4 39. Bh4 Nc3 40. Qc2 Nxd1 41.
Qc8+ Bf8 42. Ng4 Kg7 43. Qc7+ Be7 44. Bxe7 Nf2+ 45. Kh2 Nxg4+ 46. hxg4 Qe3 47.
Bg5+ Kg8 48. Qxb6 Qe2 49. Qxe6+ Kf8 50. Be7+ 1-0

[Event "AUTO-ADV-4903"]
[Site "http://www.queenalice.com/game.php?id=1871784"]
[Date "2026.4.10"]
[Round "2"]
[White "SGF"]
[Black "Capixaba789"]
[Result "0-1"]
[WhiteElo "1644"]
[BlackElo "1840"]

1. e4 e5 2. Qf3 Nc6 3. c3 d6 4. d3 Be6 5. Be2 h5 6. h4 Nh6 7. Qxh5 Be7 8. Bxh6
Rxh6 9. Qf3 Qd7 10. Qg3 O-O-O 11. Qxg7 Rg6 12. Qh7 Rxg2 13. Nd2 Rdg8 14. O-O-O
f5 15. exf5 Bxf5 16. Qh5 Rxf2 17. Ngf3 Rxe2 18. Rhg1 Rxg1 19. Nxg1 Rg2 20. Qh8+
Nd8 21. Ndf3 Qb5 22. Rd2 Rxd2 23. Nxd2 Qxd3 24. Kd1 Qc2+ 25. Ke2 Bg4+ 26. Ke3
Qxb2 27. Ne2 Bxe2 28. Kxe2 Qxc3 29. Qh6 b6 30. Qe3 Qxe3+ 31. Kxe3 Bxh4 32. Ne4
Ne6 33. a4 Nc5 34. Nxc5 bxc5 35. Kd3 Kb7 36. Kc4 a6 37. Kd5 a5 38. Ke6 e4 39.
Kd7 e3 40. Ke8 e2 41. Kd7 d5 42. Ke6 d4 43. Ke5 e1=Q+ 44. Kd5 d3 45. Kc4 d2 46.
Kxc5 Bf2+ 47. Kc4 c5 48. Kb5 d1=Q 49. Kc4 Qb4# 0-1

[Event "AUTO-ADV-4903"]
[Site "http://www.queenalice.com/game.php?id=1871785"]
[Date "2026.4.10"]
[Round "2"]
[White "Capixaba789"]
[Black "SGF"]
[Result "1-0"]
[WhiteElo "1805"]
[BlackElo "1658"]

1. d4 d5 2. Nc3 e6 3. f4 Qh4+ 4. g3 Qf6 5. Nf3 Bb4 6. Bd2 c6 7. e3 b5 8. Bg2 a5
9. O-O h5 10. Ne5 Ne7 11. Qf3 Ba6 12. Rad1 Bxc3 13. bxc3 b4 14. Rfe1 h4 15. g4
Ra7 16. g5 Qf5 17. cxb4 axb4 18. Bxb4 Qxc2 19. a3 Be2 20. Qxe2 Qxe2 21. Rxe2 h3
22. Bf3 Nf5 23. Rc1 g6 24. Nxc6 Rc7 25. Rec2 Nxc6 26. Rxc6 Rxc6 27. Rxc6 Kd7 28.
Rc5 Nxe3 29. Kf2 Nf5 30. Ra5 Nxd4 31. Bxd5 exd5 32. Rxd5+ Ke6 33. Rxd4 f6 34.
Rd6+ Kf5 35. gxf6 Kxf4 36. f7 Kg4 37. Rxg6+ Kh5 38. Rg8 Rxg8 39. fxg8=Q Kh6 40.
Kg3 Kh5 41. Qg4+ Kh6 42. Qg8 Kh5 43. Kxh3 Kh6 44. Bf8+ Kh5 45. Qg4# 1-0

[Event "AUTO-ADV-4903"]
[Site "http://www.queenalice.com/game.php?id=1871788"]
[Date "2026.4.10"]
[Round "2"]
[White "Pin"]
[Black "Capixaba789"]
[Result "1-0"]
[WhiteElo "2119"]
[BlackElo "1846"]

1. e4 e5 2. Ne2 d5 3. d4 exd4 4. Qxd4 Be6 5. Nbc3 c5 6. Qd1 d4 7. Nb1 Nc6 8. Ng3
Nf6 9. Bb5 Qa5+ 10. c3 Qxb5 11. Na3 Qb6 12. O-O Be7 13. Re1 dxc3 14. bxc3 O-O
15. e5 Nd5 16. Nc4 Qc7 17. f4 Nxc3 18. Qd3 Nd5 19. f5 Bc8 20. Qxd5 Re8 21. Bf4
Qd8 22. Qe4 Rf8 23. Rad1 Qe8 24. Qf3 Nd4 25. Qh5 Nxf5 26. Nxf5 Bxf5 27. Qxf5 b6
28. Nd6 1-0

[Event "AUTO-ADV-4903"]
[Site "http://www.queenalice.com/game.php?id=1871789"]
[Date "2026.4.10"]
[Round "2"]
[White "Capixaba789"]
[Black "Pin"]
[Result "0-1"]
[WhiteElo "1839"]
[BlackElo "2160"]

1. d4 Nf6 2. c4 g6 3. Nc3 d5 4. e3 Bg7 5. Nf3 O-O 6. c5 Bg4 7. Bd3 c6 8. O-O
Nbd7 9. Be2 Re8 10. Ng5 Bxe2 11. Qxe2 e5 12. Qf3 e4 13. Qe2 h6 14. Nh3 Kh7 15.
Nf4 Nf8 16. b4 Ne6 17. Nxe6 Rxe6 18. Bb2 Qc7 19. Rac1 Rae8 20. a3 Nd7 21. h3 f5
22. Rcd1 Nf6 23. b5 Nh5 24. bxc6 bxc6 25. Qc2 f4 26. Rde1 f3 27. g3 Nxg3 28.
fxg3 Qxg3+ 29. Kh1 Qxh3+ 30. Qh2 Qf5 31. Rf2 g5 32. Rg1 Rg6 33. Rg3 g4 34. Kg1
h5 35. Kf1 Bh6 36. Ne2 Bxe3 37. Nc3 Bxf2 38. Qxf2 e3 0-1

[Event "AUTO-ADV-4903"]
[Site "http://www.queenalice.com/game.php?id=1871790"]
[Date "2026.4.10"]
[Round "2"]
[White "Connor"]
[Black "Capixaba789"]
[Result "1-0"]
[WhiteElo "1933"]
[BlackElo "1828"]

1. d4 d5 2. e3 Nf6 3. c4 e6 4. Nf3 Be7 5. Nc3 O-O 6. c5 c6 7. Bd2 b5 8. b4 Nbd7
9. a4 Re8 10. axb5 cxb5 11. Bxb5 Rf8 12. Be2 Kh8 13. b5 Rg8 14. Na4 Nf8 15. Ne5
Qe8 16. Nc6 Ng6 17. Nxe7 Nxe7 18. b6 axb6 19. Nxb6 Rxa1 20. Qxa1 Ng6 21. Nxc8
Qxc8 22. h3 Ne4 23. Bf3 Nxc5 24. dxc5 Qxc5 25. Bh5 Ne5 26. Qxe5 1-0

[Event "AUTO-ADV-4903"]
[Site "http://www.queenalice.com/game.php?id=1871791"]
[Date "2026.4.10"]
[Round "2"]
[White "Capixaba789"]
[Black "Connor"]
[Result "0-1"]
[WhiteElo "1810"]
[BlackElo "1945"]

1. d4 d5 2. Nc3 e6 3. f4 c5 4. Nf3 Nf6 5. e3 Nc6 6. Be2 a6 7. O-O b5 8. dxc5
Bxc5 9. Kh1 Qb6 10. a3 Bxe3 11. Ne5 Bxc1 12. Rxc1 Qc7 13. Nxc6 Qxc6 14. Bf3 Rb8
15. Qe1 Bb7 16. Rd1 O-O 17. Ne2 Qxc2 18. Rb1 Qc7 19. Nd4 Qd7 20. b4 Rbc8 21. Rc1
Rxc1 22. Qxc1 Qc8 23. Qe3 Qd7 24. Re1 Rc8 25. h3 Ne8 26. Bg4 Nf6 27. Bf3 Rc4 28.
g4 Ne4 29. f5 Rc3 30. fxe6 fxe6 31. Qf4 Qf7 32. Qb8+ Rc8 33. Qh2 Qf6 34. Rd1 e5
35. Nf5 Rc3 36. Qa2 Rxf3 37. Rxd5 Rxh3+ 38. Kg2 Ng5 0-1